Sociálna kvalita a pracujúca chudoba dizertačná práca

Saved in:
Bibliographic Details
Main Author: Bugárová, Milena, 1979-
Corporate Author: Národohospodárska fakulta EU. Katedra sociálneho rozvoja a práce
Other Authors: Antalová, Mária, 1952-
Format: Book
Language:Slovak
Published: Bratislava 2018
Subjects:
Tags: Add Tag
No Tags, Be the first to tag this record!

MARC

LEADER 00000nbm a2200000 4500
001 0247247
005 20230302103601.7
041 0 |a slo 
044 |a SK 
245 1 0 |a Sociálna kvalita a pracujúca chudoba  |b dizertačná práca  |c Milena Bugárová ; školiteľ: Mária Antalová 
264 1 |a Bratislava  |c 2018 
300 |a 134 s. 
610 2 0 |a zamestnanci 
610 2 0 |a chudoba 
610 2 0 |a mzdy minimálne 
610 2 0 |a kvalita sociálna 
610 2 0 |a Slovensko 
610 2 0 |a Európska únia 
100 1 |a Bugárová, Milena, 1979- 
700 1 |a Antalová, Mária, 1952- 
710 2 |a Národohospodárska fakulta EU. Katedra sociálneho rozvoja a práce